LEADER 01048nam0 22003011i 450 001 RML0269330 005 20231121125724.0 010 $a0201097206 100 $a20121121d1989 ||||0itac50 ba 101 | $aeng 102 $aus 181 1$6z01$ai $bxxxe 182 1$6z01$an 200 1 $aAdaptive control$fKarl Johan Astrom, Bjorn Wittenmark 210 $aReading $cAddison-Wesley $d1989 215 $axiv, 526 p.$d23 cm 606 $aSistemi di controllo adattativo$2FIR$3RMLC377643$9I 676 $a629.836$9$v21 700 1$aAstrom$b, Karl Johan$3RMLV173672$0534493 701 1$aWittenmark$b, Bjorn$3RMLV170103$0725811 801 3$aIT$bIT-01$c20121121 850 $aIT-FR0099 899 $aBiblioteca Area Ingegneristica$bFR0099 912 $aRML0269330 950 0$aBiblioteca Area Ingegneristica$d 54DII 629.8 AST/3$e 54VM 0000397175 VM barcode:BAIN004355. - Inventario:1405DVM$fA $h20040216$i20121204 977 $a 54 996 $aAdaptive control$91455354 997 $aUNICAS LEADER 01704nam0 22003251i 450 001 UON00294124 005 20231205103934.781 100 $a20070504d1959 |0itac50 ba 101 $aeng 102 $aGB 105 $a||||a ||||| 200 1 $aˆA ‰bibliography of the English printed drama to the restoration. 4.: Introduction, Additions, Corrections, Index of titles$fby W.W. Greg 210 $aLondon$cBibliographical Society$d1959 215 $a1 v.$d28 cm. 410 1$1001UON00294113$12001 $aIllustrated Monographs$1210 $aLondon$cBibliographical Society$vN. 24.4 464 1$1001UON00294125$12001 $aIntroduction, Additions, Corrections, Index of titles$fby W.W. Greg$1210 $aLondon$cBibliographical Society$d1959. 606 $aBIBLIOGRAFIA INGLESE$xSec. 19.-20.$3UONC063948$2FI 606 $aLetteratura drammatica inglese$xBibliografia$3UONC063889$2FI 606 $aTEATRO INGLESE$xSec.17.$x Bibliografia$3UONC063890$2FI 606 $aTEATRO LATINO$xInghilterra$xBibliografia$3UONC063981$2FI 620 $aGB$dLondon$3UONL003044 676 $a016.822$cBibliografie e cataloghi di letteratura drammatica inglese$v21 700 1$aGREG$bWalter Wilson$3UONV116814$0203301 712 $aBibliographical Society$3UONV268977$4650 801 $aIT$bSOL$c20251031$gRICA 899 $aSIBA - SISTEMA BIBLIOTECARIO DI ATENEO$2UONSI 912 $aUON00294124 950 $aSIBA - SISTEMA BIBLIOTECARIO DI ATENEO$dSI S.C V B 29 d $eSI LO 70347 7 29 d 996 $aBibliography of the English printed drama to the restoration. 4.: Introduction, Additions, Corrections, Index of titles$91851089 997 $aUNIOR